Ict Application in Library & Information Centers: (Record no. 210902)

MARC details
000 -LEADER
fixed length control field 00754nam a2200205 4500
005 - DATE AND TIME OF LATEST TRANSACTION
control field 20250502102906.0
010 ## - LCCN (DPL NO)
LC control number ENG-144543
020 ## - INTERNATIONAL STANDARD BOOK NUMBER
International Standard Book Number 9788192352015
Terms of availability 1195.00
035 ## - SYSTEM CONTROL NUMBER
System control number EN-128075
037 ## - SOURCE OF ACQUISITION
Source of stock number/acquisition DBAD
082 ## - DEWEY DECIMAL CLASSIFICATION NUMBER
Classification number 025.527
245 ## - TITLE STATEMENT
Title Ict Application in Library & Information Centers:
Remainder of title Issues and challenges/
Statement of responsibility, etc Edited By Kishor Chandra Satpathy {and] R.Ramachandran
250 ## - EDITION STATEMENT
Edition statement 1st
260 ## - PUBLICATION, DISTRIBUTION, ETC. (IMPRINT)
Place of publication, distribution, etc Jaipur
Name of publisher, distributor, etc S.K.Jain and Sons
Date of publication, distribution, etc 2012
270 ## - ADDRESS
Address 721, Khanajchi Sadan, Bordi ka Rasta ,Kishanpole Bazar
City Jaipur
Postal code 302003
Telephone number 0141-2329455,9414054081
300 ## - PHYSICAL DESCRIPTION
Extent xv,263p.
Dimensions 23cm(hbk)
700 ## - ADDED ENTRY--PERSONAL NAME
Personal name Satpathy, Kishor Chandra
Relator term Editor
9 (RLIN) 80984
700 ## - ADDED ENTRY--PERSONAL NAME
Personal name Ramachandran, R
Relator term Editor
9 (RLIN) 80985
942 ## - ADDED ENTRY ELEMENTS (KOHA)
Source of classification or shelving scheme Dewey Decimal Classification
Item type English Books
Call number suffix SAT
Classification part 025.527
Edition 1st
Holdings
Withdrawn status Lost status Not for loan Collection code Home library Current library Date acquired Source of acquisition Cost, normal purchase price Full call number Barcode Copy number Cost, replacement price Koha item type
      Non-fiction Patel Nagar Patel Nagar 09/04/2025 DBAD 1195.00 025.527 SAT EN-128075 1 1195.00 English Books

© Delhi Public Library
Hit Counter
free hit counter